Chefs-Lieux des départements par Population (Insee 2022) - Statistiques

Statistiques générales
  • Ce quiz a été pris 39 fois
  • Le résultat moyen est 71 sur 101
Réponses sur la Carte
Les réponses sont colorées sur une échelle allant du rouge au vert en fonction du pourcentage des utilisateurs qui les ont devinées à leur premier essai. Vous pouvez retrouver ces pourcentages ci-dessous.
 
Statistiques - réponses
# Départements Population Chefs-Lieux % Correct
10 Nord 238 695 Lille
100%
2 Bouches-du-Rhône 877 215 Marseille
100%
5 Alpes-Maritimes 353 701 Nice
100%
1 Paris 2 113 705 Paris
100%
3 Rhône 511 684 Lyon
97%
6 Loire-Atlantique 325 070 Nantes
97%
11 Ille-et-Vilaine 227 830 Rennes
97%
4 Haute-Garonne 520 774 Toulouse
97%
9 Gironde 265 328 Bordeaux
93%
7 Hérault 307 101 Montpellier
93%
28 Loiret 116 344 Orléans
93%
39 Corse-du-Sud 75 343 Ajaccio
90%
60 Haute-Corse 47 459 Bastia
90%
14 Côte-d'Or 159 941 Dijon
90%
12 Var 180 834 Toulon
90%
19 Puy-de-Dôme 147 751 Clermont-Ferrand
86%
8 Bas-Rhin 291 709 Strasbourg
86%
21 Indre-et-Loire 138 668 Tours
86%
37 Charente-Maritime 79 961 La Rochelle
83%
38 Pyrénées-Atlantiques 78 620 Pau
83%
26 Pyrénées-Orientales 120 996 Perpignan
83%
17 La Réunion 156 149 Saint-Denis
83%
15 Maine-et-Loire 157 555 Angers
79%
23 Haute-Savoie 131 272 Annecy
79%
16 Isère 156 389 Grenoble
79%
24 Haute-Vienne 129 754 Limoges
79%
29 Seine-Maritime 116 331 Rouen
79%
13 Loire 172 569 Saint-Étienne
79%
22 Somme 134 780 Amiens
76%
30 Calvados 108 398 Caen
76%
74 Eure-et-Loir 37 990 Chartres
76%
20 Sarthe 145 182 Le Mans
76%
45 Finistère 64 530 Quimper
76%
36 Yvelines 83 918 Versailles
76%
79 Lot-et-Garonne 32 193 Agen
72%
75 Yonne 35 236 Auxerre
72%
63 Territoire de Belfort 45 646 Belfort
72%
62 Aude 46 429 Carcassonne
72%
51 Savoie 60 251 Chambéry
72%
25 Moselle 121 695 Metz
72%
31 Meurthe-et-Moselle 104 387 Nancy
72%
18 Gard 150 444 Nîmes
72%
35 Vienne 89 472 Poitiers
72%
55 Morbihan 54 955 Vannes
72%
34 Vaucluse 91 760 Avignon
69%
43 Haut-Rhin 67 360 Colmar
69%
59 Eure 48 335 Évreux
69%
40 Martinique 75 165 Fort-de-France
69%
52 Deux-Sèvres 60 074 Niort
69%
84 Aveyron 24 136 Rodez
69%
57 Tarn 50 605 Albi
66%
83 Orne 25 667 Alençon
66%
72 Charente 41 423 Angoulême
66%
70 Pas-de-Calais 42 621 Arras
66%
47 Cher 64 238 Bourges
66%
73 Hautes-Alpes 40 656 Gap
66%
56 Vendée 54 699 La Roche-sur-Yon
66%
80 Landes 31 455 Mont-de-Marsan
66%
32 Hauts-de-Seine 98 119 Nanterre
66%
81 Dordogne 29 876 Périgueux
66%
101 Ardèche 8 552 Privas
66%
96 Corrèze 13 602 Tulle
66%
82 Cantal 26 189 Aurillac
62%
27 Doubs 120 057 Besançon
62%
71 Ain 42 065 Bourg-en-Bresse
62%
88 Lot 19 902 Cahors
62%
48 Guyane 63 956 Cayenne
62%
42 Val-d'Oise 69 578 Cergy-Pontoise
62%
64 Ardennes 45 634 Charleville-Mézières
62%
69 Indre 43 079 Châteauroux
62%
44 Essonne 66 700 Évry-Courcouronnes
62%
99 Ariège 9 731 Foix
62%
97 Creuse 12 814 Guéret
62%
58 Mayenne 49 474 Laval
62%
91 Haute-Loire 18 989 Le Puy-en-Velay
62%
41 Mayotte 71 437 Mamoudzou
62%
49 Tarn-et-Garonne 62 487 Montauban
62%
65 Côtes-d'Armor 44 607 Saint-Brieuc
62%
89 Manche 19 352 Saint-Lô
62%
66 Hautes-Pyrénées 44 529 Tarbes
62%
50 Aube 62 443 Troyes
62%
86 Gers 22 825 Auch
59%
53 Oise 55 906 Beauvais
59%
61 Loir-et-Cher 47 092 Blois
59%
54 Seine-Saint-Denis 55 270 Bobigny
59%
68 Marne 43 218 Châlons-en-Champagne
59%
92 Alpes-de-Haute-Provence 17 694 Digne-les-Bains
59%
85 Aisne 24 066 Laon
59%
98 Lozère 12 322 Mende
59%
78 Vosges 32 296 Épinal
55%
67 Seine-et-Marne 43 685 Melun
55%
90 Allier 19 344 Moulins
55%
77 Nièvre 33 172 Nevers
55%
46 Drôme 64 288 Valence
55%
95 Meuse 14 615 Bar-le-Duc
52%
33 Val-de-Marne 92 859 Créteil
52%
100 Guadeloupe 9 419 Basse-Terre
48%
93 Jura 16 942 Lons-le-Saunier
48%
76 Saône-et-Loire 34 759 Mâcon
48%
94 Haute-Saône 15 306 Vesoul
45%
87 Haute-Marne 21 418 Chaumont
41%
Aucun quiz correspondant
Distribution des résultats
% des personnes avec chaque résultat
Percentile par nombre de réponses
Votre historique - résultats
Vous n’avez pas pris ce quiz